000
00326nam a2200145Ia 4500
008
221030s9999 xx 000 0 und d
041
_a
English
082
_a
105.23
100
_a
D. Roddy
245
0
_a
Electronic Communcations
_c
by D. Roddy, J. Coolen
260
_c
0
650
_a
B
700
_a
J. Coolen
942
_c
BK
999
_c
11403
_d
11403